Tretí pilier verzus iné súčasné spôsoby pravidelného investovania bakalárska práca

Salvato in:
Dettagli Bibliografici
Autore principale: Jakabovičová, Adriana
Ente Autore: Fakulta hospodárskej informatiky EU. Katedra matematiky a aktuárstva
Altri autori: Slašťanová, Martina, 1998-
Natura: Libro
Lingua:slovacco
Pubblicazione: Bratislava 2024
Tags: Aggiungi Tag
Nessun Tag, puoi essere il primo ad aggiungerne!!

MARC

LEADER 00000nbm a2200000 4500
001 0302601
005 20250904101748.8
041 0 |a slo 
044 |a SK 
245 1 0 |a Tretí pilier verzus iné súčasné spôsoby pravidelného investovania  |b bakalárska práca  |c Adriana Jakabovičová ; školiteľ: Martina Slašťanová 
264 1 |a Bratislava  |c 2024 
300 |a 46 s. 
100 1 |a Jakabovičová, Adriana 
700 1 |a Slašťanová, Martina, 1998- 
710 2 |a Fakulta hospodárskej informatiky EU. Katedra matematiky a aktuárstva